Introduction to the theory of social choice / (Record no. 12231)

000 -LEADER
fixed length control field 00500pam a2200181 a 4500
020 ## - INTERNATIONAL STANDARD BOOK NUMBER
ISBN 0801833043
020 ## - INTERNATIONAL STANDARD BOOK NUMBER
ISBN 0801833051 (pbk.)
040 ## - CATALOGING SOURCE
Transcribing agency DLC
082 00 - DEWEY DECIMAL CLASSIFICATION NUMBER
Classification number 330 JOH 1986 A019 Or.
100 1# - MAIN ENTRY--AUTHOR NAME
Personal name Bonner, John.
245 10 - TITLE STATEMENT
Title Introduction to the theory of social choice /
260 ## - PUBLICATION, DISTRIBUTION, ETC. (IMPRINT)
Place of publication Baltimore, Md. :
Name of publisher Johns Hopkins University Press,
Year of publication 1986.
300 ## - PHYSICAL DESCRIPTION
Number of Pages x, 205 p. :
Other physical details ill. ;
Dimensions 22 cm.
500 ## - GENERAL NOTE
General note Includes index.
650 #0 - SUBJECT ADDED ENTRY--TOPICAL TERM
Topical Term Social choice.
650 #0 - SUBJECT ADDED ENTRY--TOPICAL TERM
Topical Term Welfare economics.
942 ## - ADDED ENTRY ELEMENTS (KOHA)
Koha item type សៀវភៅភាសាអង់គ្លេស

No items available.

មជ្ឈមណ្ឌលឯការនៃសាកលវិទ្យាល័យភូមិន្ទកសិកម្មចំការដូង

Powered by Koha